000 00593nam a22001217a 4500
040 _cRUA
082 _aAVM POK 2025 B705 Or.1
100 _aPOK THEARY, ពក ធារី
245 _aCase of salmonella spp. on pork at the market, in ballang commune, baray district, kampong thom province, ករណី Salmonella spp. លើសាច់ជ្រូកនៅទីផ្សារក្នុង ឃុំបល្ល័ង្ក ស្រុកបារាយណ៍ ខេត្តកំពង់ធំ
260 _aPHNOM PENH
_bRUA
_c2025
300 _axi,54p.
_bill.
_c29cm.
942 _cAVM
999 _c25812
_d25812